| 000 | 01775nam a2200337Ia 4500 | ||
|---|---|---|---|
| 003 | OSt | ||
| 005 | 20200722155452.0 | ||
| 008 | 191128s1994 ck fr 000 0 spa d | ||
| 020 | _a9586015610 | ||
| 040 |
_aCO-JMCR _cCO-JMCR |
||
| 041 | 0 | _aspa | |
| 082 | 0 | 4 |
_a338.986 / _bM665a _223 |
| 110 | 1 |
_aColombia. _bMinisterio de Hacienda y Crédito Público _97620 |
|
| 245 | 1 | 4 |
_aUna apertura hacia el futuro / _cMinisterio de Hacienda y Crédito Público, Departamento Nacional de Planeación y Fondo Nacional de Desarrollo Económico ; [coordinadores, Rudolf Hommes, Armando Montenegro y Pablo Roda] ; [prólogo y epílogo de César Gaviria] |
| 250 | _aPrimera edición | ||
| 260 |
_aBogotá : _bMinisterio de Hacienda y Crédito Público, _c1994 |
||
| 300 |
_axvii, 320 páginas ; _c24 cm. |
||
| 505 | 0 | _aReformas estructurales -- Evaluación de la política social -- Infrastructura física -- Evolución macroeconómica y sectorial -- Una agenda para el futuro | |
| 520 | 3 | _aAlgunos de los rasgos de la Colombia que queremos en los primeros años del próximo siglo son los siguientes: una tasa de analfabetismo inferior al 3,2%; una esperanza de vida superior a los 72 años; una mortalidad infantil por debajo. | |
| 546 | _a} | ||
| 650 | 1 | 4 |
_aApertura económica _y1990-1994 _zColombia _97621 |
| 650 | 1 | 4 |
_aReforma laboral _y1990-1994 _zColombia _97622 |
| 651 | 4 |
_aColombia _xpolítica económica _y1990-1994 _97623 |
|
| 700 | 1 |
_aHommes, Rudolf, _ecoordinador _91109 |
|
| 700 | 1 |
_aMontenegro, Armando, coordinador _97624 |
|
| 700 | 1 |
_aRoda, Pablo, coordinador _97625 |
|
| 700 | 1 |
_aGaviria, César, _eprologuista _93082 |
|
| 710 | 2 |
_aDepartamento Nacional de Planeación _91612 |
|
| 710 | 2 |
_aFondo Nacional de Desarrollo Económico _97626 |
|
| 942 |
_2ddc _cBK |
||
| 999 |
_c5595 _d5595 |
||